| 000 | 01043nam a2200229Ia 4500 | ||
|---|---|---|---|
| 003 | Ost | ||
| 005 | 20260507075452.0 | ||
| 008 | 260507s9999||||xx |||||||||||||| ||und|| | ||
| 020 | _a6036422977 | ||
| 040 | _cfsecg | ||
| 041 | _aara | ||
| 082 | _a330 | ||
| 100 |
_aابراهيم، خالد ممدوح _eمؤلف |
||
| 245 | 0 |
_aحماية المستهلك في المعاملات الالكترونية : _bدراسة مقارنة / _c خالد ممدوح ابراهيم |
|
| 260 |
_aالاسكندرية: _bالدار الجامعية, _c2007 |
||
| 300 |
_a367 صفحة؛ _c24 سم |
||
| 520 | _aحماية المستهلك في العقد الإلكتروني /مفهوم المستهلك الإلكتروني ووسائل حمايته/حماية المستهلك في مرحلة ابرام عقد الاستهلاك/ حماية المستهلك في مرحلة تنفيذ العقد | ||
| 653 | _aالمستهلك | ||
| 653 | _aالمعاملات الالكترونية | ||
| 653 | _aقانون التجاري | ||
| 942 | _cكتاب | ||
| 999 |
_c44635 _d44635 |
||